Sports Quiz

Random Sports or NFL Quiz

NFL on Twitter Quiz Stats

 Plays Quiz not verified by Sporcle

Score 0/10 Timer 03:00
0 Plays Today
Position/Team Player % Correct
WR- BengalsChad Ochocinco
97.8%
RB- SaintsReggie Bush
97.2%
WR- CardinalsLarry Fitzgerald
97.2%
DE- GiantsMichael Strahan
90.4%
WR- 49ers/Eagles/Cowboys/Bills/BengalsTerrell Owens
89.9%
QB- CowboysTroy Aikman
89.3%
DT- Buccaneers/RaidersWarren Sapp
86%
S- Jets/CardinalsKerry Rhodes
41.6%
LB- PackersNick Barnett
27%
LB- Raiders/JaguarsKirk Morrison
21.3%

You're not logged in!

Compare scores with friends on all Sporcle quizzes.
OR
Log In

Show Comments

Extras

Top Quizzes Today


Score Distribution

Your Account Isn't Verified!

In order to create a playlist on Sporcle, you need to verify the email address you used during registration. Go to your Sporcle Settings to finish the process.

Report this User

Report this user for behavior that violates our Community Guidelines.

Details: